| 000 | 00525nam a2200145Ia 4500 | ||
|---|---|---|---|
| 008 | 081213s9999 xx 000 0 und d | ||
| 050 |
_aBX5132 _b.S68 1956 |
||
| 100 | _aSouthcott, Ernest W. | ||
| 245 |
_aThe Parish comes live _cErnest W. Southcott |
||
| 260 |
_c2000 _aNew York _bMorehouse-Gorham Co. |
||
| 300 |
_axi,143 p.; _c21cm |
||
| 650 | _aChristian Church | ||
| 942 |
_cBK _2lcc |
||
| 999 |
_c19196 _d19196 |
||